Mastering Power BI (Record no. 13357)

MARC details
000 -LEADER
fixed length control field 00389nam a22001697a 4500
003 - CONTROL NUMBER IDENTIFIER
control field OSt
008 - FIXED-LENGTH DATA ELEMENTS--GENERAL INFORMATION
fixed length control field 250421b |||||||| |||| 00| 0 eng d
020 ## - INTERNATIONAL STANDARD BOOK NUMBER
International Standard Book Number 9789355517166
082 ## - DEWEY DECIMAL CLASSIFICATION NUMBER
Classification number 005.368 SIM
100 ## - MAIN ENTRY--PERSONAL NAME
Personal name SINHA,Chandraish
245 ## - TITLE STATEMENT
Title Mastering Power BI
250 ## - EDITION STATEMENT
Edition statement 2nd Ed
260 ## - PUBLICATION, DISTRIBUTION, ETC. (IMPRINT)
Place of publication, distribution, etc New Delhi
Name of publisher, distributor, etc BPB
Date of publication, distribution, etc 2025
300 ## - PHYSICAL DESCRIPTION
Extent 258
650 ## - SUBJECT ADDED ENTRY--TOPICAL TERM
Topical term or geographic name as entry element Mastering Power BI
942 ## - ADDED ENTRY ELEMENTS (KOHA)
Source of classification or shelving scheme Dewey Decimal Classification
Koha item type Text Books
Holdings
Withdrawn status Lost status Source of classification or shelving scheme Damaged status Not for loan Collection code Home library Current library Date acquired Source of acquisition Currency Cost, normal purchase price Bill Number Total Checkouts Full call number Acc. no. / Barcode Date last seen Actual Cost, discounted price Bill Date Koha item type Date last borrowed
    Dewey Decimal Classification     MBA PIET C-LIBRARY PIET C-LIBRARY 11/04/2025 Zaffa Books INR 799.00 ZBD0031   005.368 SIM 39370 21/04/2025 583.27 11/04/2025 Reference Books  
    Dewey Decimal Classification     MBA PIET C-LIBRARY PIET C-LIBRARY 11/04/2025 Zaffa Books INR 799.00 ZBD0031   005.368 SIM 39371 21/04/2025 583.27 11/04/2025 Text Books  
    Dewey Decimal Classification     MBA PIET C-LIBRARY PIET C-LIBRARY 11/04/2025 Zaffa Books INR 799.00 ZBD0031 1 005.368 SIM 39372 03/07/2025 583.27 11/04/2025 Text Books 20/06/2025
    Dewey Decimal Classification     MBA PIET C-LIBRARY PIET C-LIBRARY 11/04/2025 Zaffa Books INR 799.00 ZBD0031   005.368 SIM 39373 21/04/2025 583.27 11/04/2025 Text Books  
    Dewey Decimal Classification     MBA PIET C-LIBRARY PIET C-LIBRARY 11/04/2025 Zaffa Books INR 799.00 ZBD0031   005.368 SIM 39374 21/04/2025 583.27 11/04/2025 Text Books  

Design & Developed by: PIET Central Library
R70 Miles Stone Pattikalyana Samalkha Panipat 132102
mail ID :- [email protected], Phone No:- 0180-2569700 Ex.216